| 000 | 00370nam a22001457a 4500 | ||
|---|---|---|---|
| 999 |
_c12630 _d12630 |
||
| 008 | 210210b ||||| |||| 00| 0 eng d | ||
| 082 | 0 | 0 |
_a658.306 _bY546 |
| 100 |
_94765 _aYoga, M. |
||
| 245 | 1 | 0 |
_aJob evaluation _cby M. Yoga |
| 260 |
_aNew Delhi: _bNational Productivity Council _c1971 |
||
| 300 | _a77p. | ||
| 365 | _d7.50 | ||
| 650 | 0 | _aJob Evaluation | |
| 942 | _cBK | ||